000 00968cab a2200265 4500
001 ABS53108
008 090401t1995 xxu||||| |||| 00| 0 eng d
035 _a(Sirsi) u2136
041 _aeng
100 _aMcCloud, J.
245 _aNow`s the time to buy shopping centres, but are sellers thinking twice?
260 _c1995
350 _a0
490 _aNational Real Estate Investor
_v37(15) May 1995, 38-125(9)
520 _aDespite improvement in the American retail market over the last year, fears exist that oversupply may lead to restructuring over the long term. Discusses the criteria for successful malls.
650 _aINVESTMENT MARKET
650 _aPROPERTY-COMMERCIAL PROPERTY-RETAIL PROPERTY-RETAIL PROPERTY MARKET
650 _aSHOPPING CENTRES
650 _aSHOPPING MALLS
650 _aUNITED STATES
690 _aPROPERTY-COMMERCIAL PROPERTY-RETAIL PROPERTY
690 _aOVERSEAS-NORTH AMERICA
942 _n0
948 _c04/03/1997
999 _c1281
_d1281